000 01464nam0a22003371 4500
001 v19\rc\1288343
005 20250618013230.0
035 _a(NLR Aleph) 004436693
090 _a4344209
_c4344209
100 _a20060306e18521851|||y0rusy50 ca
101 0 _arus
102 _aRU
105 _ay z |||||
200 1 _aПрограмма геогностической карты Санкт-Петербургской губернии
_f[Соч.] Проф. С. Куторги
210 _aСанкт-Петербург
_cтип. Штаба воен.-учеб. заведений
_d1852
215 _a23 с.
_d21
311 _aОсобый отт. из "Акта Имп. С.-Петерб. ун-та за 1851-1852 акад. г."
488 0 _12001#$aАкт Императорского Санкт-Петербургского университета за 1851-1852 академический год
_tАкт Императорского Санкт-Петербургского университета за 1851-1852 академический год
700 1 _aКуторга
_bС.С.
_f1805-1861
_gСтепан Семенович
801 0 _aRU
_bNLR
_gpsbo
801 0 _aRU
_bRuMoRGB
_2psbo
801 1 _aRU
_bProSoft-M
_2rusmarc
852 _aNLR
_j18.2.3.118
899 _aRuMoRGB
_jU 345/233
899 _aRuMoRGB
_jD 16/33
899 _aБАН
899 _aНБ СПбГУ
899 _aГПИБ
899 _aНБ МГУ
942 _cBOOK
980 _aNB